000 00291nam a2200109Ia 4500
008 190216s9999||||xx |||||||||||||| ||und||
100 _aGarg K C
245 0 _aMaths Civil Services Examination Preliminary Screening Test
260 _bSudha Pubs Pvt Ltd
_c1986
300 _a178p
942 _cREF
999 _c35703
_d35703